Quick Pick: Music Genres in Song Titles Quiz Stats

Quiz Updated Sep 14, 2016

Challenge
Share
Tweet
Embed
Score 0/15 Timer 01:30
1 Play Today
% Correct
Dance
92.1%
House
90%
Blues
90%
Country
82.5%
Swing
81.4%
Disco
80.2%
Rock
75.8%
Hip Hop
74.1%
% Correct
Punk
72.3%
Funk
72.1%
Bop
66.1%
Reggae
61.2%
Classical
54.6%
Grunge
51.3%
Pop
38.4%

Today's Daily Dose

You're not logged in!

Compare scores with friends on all Sporcle quizzes.
Join for Free
OR
Log In

You Might Also Like...

Show Comments

Extras

Top Quizzes Today


Score Distribution

Your Account Isn't Verified!

In order to create a playlist on Sporcle, you need to verify the email address you used during registration. Go to your Sporcle Settings to finish the process.

Report this User

Report this user for behavior that violates our Community Guidelines.

Details: